000 00338nam a2200133 i 4500
001 bg
100 1 _aMARCINIAK, K.
245 0 _aPodstawy geometryczne projektowania obróbki powierzchni... /
_cK. Marciniak.
260 _aWarszawa,
_c1985.
040 _cBPK
041 _apol
942 _cKS
008 s pl f |000 0 pol
999 _c28179
_d28179
856 _uhttp://koha.tu.koszalin.pl/cgi-bin/koha/opac-detail.pl?biblionumber=28179
_yKatalog online BPK